000 00455nam a2200169Ia 4500
005 20250923144516.0
008 008 250917s9999 xx 000 0 eng d
037 _aReports
040 _aDSWL
_beng
_cDSWL
041 _aeng
_2eng
084 _qDSWL
245 0 _aSecond five year plan
_cby Ministry of Information & Broadcasting
260 _aDelhi
_bPublication Division
_c1955
300 _a175p.
942 _cREP
999 _c1439815
_d1439815